000 01228nam a2200277 i 4500
001 bg
245 0 0 _aRola towaroznawstwa w zarządzaniu jakością w warunkach gospodarki opartej na wiedzy :
_bmateriały z krajowej konferencji, Radom, październik 2002 /
_cred. nauk. Jerzy Żuchowski ; Politechnika Radomska. Wydział Ekonomiczny. Katedra Technologii i Towaroznawstwa, Polska Akademia Nauk. Komisja Nauk Towaroznawczych - Nauk o Jakości.
260 _aRadom :
_bPR. WEKTiT,
_c2002.
300 _a667, [1] s. :
_bil ;
_c25 cm.
500 _aTekst częśc. ang.
504 _aBibliogr. przy ref.
650 9 _aTowaroznawstwo
650 9 _aZarządzanie jakością
655 _aMateriały konferencyjne
700 1 _aŻUCHOWSKI, Jerzy.
_eRed.
710 0 _aPolitechnika Radomska im. Kazimierza Pułaskiego
_bKatedra Technologii i Towaroznawstwa
710 0 _aPolska Akademia Nauk
_bKomisja Nauk Towaroznawczych - Nauk o Jakości (Poznań)
020 _a8373511458
040 _cBPK
041 0 _apoleng
080 _a620.2:658.56.012](061)
920 _a83-7351-145-8
942 _cKS
008 s pl f |000 0 pol
999 _c44797
_d44797
856 _uhttp://koha.tu.koszalin.pl/cgi-bin/koha/opac-detail.pl?biblionumber=44797
_yKatalog online BPK